000 00635nam a2200181 u 4500
001 000002677
005 20200929150233.0
008 090703s1985 dr r 000 0 spa d
040 _aDO-SdBNP
_bspa
_cBNPHU
082 _a334
_bM538a
100 1 _aMéndez, Rafael.
_98437
245 1 0 _aApuntes para un plan nacional de desarrollo cooperativo / :
_bRafael Méndez.
260 _aSanto Domingo :
_bEditora Lozano,
_c1985.
270 _aLozano
_bSanto Domingo
_dRepública Dominicana
_aC/Abreu esq. Salcedo
_k685-2379
300 _a136p ;
_c21cm.
500 _aIncluye datos biográficos
650 4 _aCooperativismo
_zRepública Dominicana
_96536
999 _c2513
_d2513